| 000 | 01269cam a22003011 4500 | ||
|---|---|---|---|
| 001 | e 19000201 | ||
| 003 | DLC | ||
| 005 | 20260227111210.0 | ||
| 008 | 970425s1919 dcua f000 0 eng c | ||
| 010 | _ae 19000201 | ||
| 035 | _a(OCoLC)36804610 | ||
| 040 |
_aLibrary, U.S. Bur. of Education _cOCU _dDLC |
||
| 042 | _apremarc | ||
| 050 | 0 | 0 |
_aL111 _b.A6 1919, no. 10 |
| 051 |
_aLC427 _b.A2 1919 |
||
| 110 | 1 |
_aUnited States. _bBureau of Education. |
|
| 245 | 1 | 0 | _aEducational work of the churches in 1916-1918 ... |
| 260 |
_aWashington, _bGovt. Print. Off., _c1919. |
||
| 300 |
_a53 p. _btables. _c23 cm. |
||
| 490 | 1 |
_a[U.S.] Bureau of Education. Bulletin, _v1919, no.10 |
|
| 500 | _aAt head of title: Department of the interior ... | ||
| 500 | _aAdvance sheets from the Biennial survey of education, 1916-1918. | ||
| 501 |
_aL111.A6 with: Standardization of medical inspection facilities / J. H. Berkowitz. Washington : Govt. Print. Off., 1919. Bound together subsequent to publication. _5DLC |
||
| 530 | _aAlso available in digital form on the Internet Archive Web site. | ||
| 650 | 0 |
_aChurch schools _zUnited States. |
|
| 830 | 0 |
_aBulletin (United States. Bureau of Education) _v1919, no. 10. |
|
| 856 | 4 | 1 | _uhttp://hdl.loc.gov/loc.gdc/scd0001.00207731626 |
| 999 |
_c20295 _d20295 |
||